[Event "WchT Seniors 50"]
[Site "Prague"]
[Date "2020.03.10"]
[Round "5.11"]
[White "Berg, Anders Hoyer"]
[Black "Svobodova, Michaela"]
[Result "1-0"]
[WhiteElo "2036"]
[BlackElo "1988"]
[PlyCount "75"]
[EventDate "2020.03.06"]
[EventType "team-swiss"]
[EventRounds "7"]
[EventCountry "CZE"]
[SourceTitle "CBM 195 Extra"]
[Source "ChessBase"]
[SourceDate "2020.05.31"]
[SourceVersion "1"]
[SourceVersionDate "2020.05.31"]
[SourceQuality "1"]
[WhiteTeam "Norway 50 II"]
[BlackTeam "Czech Republic 50 (W)"]
[WhiteTeamCountry "NOR"]
[BlackTeamCountry "CZE"]

1. e4 c5 2. c3 d5 3. exd5 Qxd5 4. d4 g6 5. Nf3 Bg7 6. dxc5 Qxc5 7. Be3 Qc7 8. Be2 Nf6 9. 0-0 0-0 10. Na3 a6 11. Nc4 Nbd7 12. a4 b6 13. a5 bxa5 14. Nxa5 Rb8 15. Qc1 Nd5 16. Bg5 Nc5 17. Rd1 e6 18. Qc2 Nf4 19. Bxf4 Qxf4 20. Nc6 Rb7 21. b4 Rc7 22. Ncd4 Nd7 23. Bxa6 Bxa6 24. Rxa6 e5 25. Nb5 Rb7 26. Nd6 Rc7 27. Nb5 Rb7 28. Qd2 Qc4 29. Nd6 Qxa6 30. Nxb7 Qxb7 31. Qxd7 Qxd7 32. Rxd7 Rc8 33. Kf1 f6 34. b5 Rxc3 35. b6 Rb3 36. b7 Bf8 37. Nd2 Rb4 38. Ne4 1-0

[Event "NOR-chT qualifier"]
[Site "Norway"]
[Date "2002.??.??"]
[Round "7"]
[White "Berg, Anders Hoyer"]
[Black "Aulin Jansson, Joran"]
[Result "0-1"]
[WhiteElo "2060"]
[BlackElo "2259"]
[PlyCount "38"]
[EventDate "2001.11.??"]
[EventType "team"]
[EventRounds "9"]
[EventCountry "NOR"]
[SourceTitle "EXT 2003"]
[Source "ChessBase"]
[SourceDate "2002.11.25"]
[SourceVersion "1"]
[SourceVersionDate "2002.11.25"]
[SourceQuality "1"]

1. e4 c5 2. c3 Nf6 3. e5 Nd5 4. d4 d6 5. Nf3 Bg4 6. Bb5+ Nc6 7. 0-0 Qb6 8. c4 Nc7 9. Bxc6+ bxc6 10. exd6 exd6 11. Re1+ Be7 12. Bg5 f6 13. Bf4 Ne6 14. Bxd6 Bxd6 15. d5 0-0-0 16. h3 Bxf3 17. Qxf3 Nd4 18. Qg4+ f5 19. Qxg7 Nf3+ 0-1

[Event "NOR-chT qualifier"]
[Site "Norway"]
[Date "2002.??.??"]
[Round "4"]
[White "Berg, Anders Hoyer"]
[Black "Jorgensen, Michael"]
[Result "0-1"]
[WhiteElo "2060"]
[BlackElo "2292"]
[PlyCount "60"]
[EventDate "2001.11.??"]
[EventType "team"]
[EventRounds "9"]
[EventCountry "NOR"]
[SourceTitle "EXT 2003"]
[Source "ChessBase"]
[SourceDate "2002.11.25"]
[SourceVersion "1"]
[SourceVersionDate "2002.11.25"]
[SourceQuality "1"]

1. e4 e6 2. d4 d5 3. Nd2 Nf6 4. e5 Nfd7 5. Bd3 c5 6. c3 Nc6 7. Ne2 cxd4 8. cxd4 f6 9. Nf4 Nxd4 10. Qh5+ Ke7 11. exf6+ Nxf6 12. Ng6+ hxg6 13. Qxh8 Kf7 14. 0-0 e5 15. Nf3 Nxf3+ 16. gxf3 Bf5 17. Bxf5 gxf5 18. Bg5 Be7 19. Qxd8 Rxd8 20. Rac1 Rd7 21. Rc8 d4 22. Bxf6 Kxf6 23. Rd1 g5 24. Kf1 e4 25. Ke2 Bd8 26. fxe4 fxe4 27. f3 d3+ 28. Ke3 Bb6+ 29. Kd2 e3+ 30. Kc3 e2 0-1

[Event "NOR-chT 9900"]
[Site "Norway"]
[Date "2000.??.??"]
[Round "9"]
[White "Trygstad, Kristian J"]
[Black "Berg, Anders Hoyer"]
[Result "1-0"]
[WhiteElo "2227"]
[BlackElo "2060"]
[PlyCount "47"]
[EventDate "1999.??.??"]
[EventType "team"]
[EventRounds "9"]
[EventCountry "NOR"]
[SourceTitle "EXT 2001"]
[Source "ChessBase"]
[SourceDate "2000.11.22"]
[SourceVersion "1"]
[SourceVersionDate "2000.11.22"]
[SourceQuality "1"]

1. e4 c5 2. Nc3 Nc6 3. f4 g6 4. Nf3 Bg7 5. Bb5 Nd4 6. Bd3 e6 7. Nxd4 cxd4 8. Nb5 d6 9. c3 dxc3 10. dxc3 Ne7 11. Nxd6+ Kf8 12. e5 Qb6 13. Qe2 Bd7 14. Be3 Qc7 15. 0-0 Bc6 16. b4 b6 17. a4 h5 18. a5 Bh6 19. axb6 axb6 20. Rxa8+ Bxa8 21. Ra1 Kg7 22. c4 Nf5 23. Bxf5 exf5 24. Ra6 1-0